| 000 | 00771nam a2200217 a 4500 | ||
|---|---|---|---|
| 001 | 000035709 | ||
| 005 | 20200930074541.0 | ||
| 008 | 111109s1974 ve 000 0 spa d | ||
| 040 |
_aDO-SdBNP _bspa _cBNPHU |
||
| 041 | 1 | 7 |
_aspa _heng |
| 245 | 0 | 0 |
_aIndustria cultural y sociedad de masas / _cDaniel Bell... [et al.] ; [traducción Eugenio Guasta]. |
| 260 |
_aCaracas : _bMonte Ávila Editores, _c1974. |
||
| 300 |
_a259 p. ; _c18 cm. |
||
| 490 | 0 | _aColección Letra viva | |
| 590 | _aPerteneció a la biblioteca personal de Juan Isidro Jimenes Grullón. | ||
| 650 | 2 | 4 |
_aSociedad de masas _961637 |
| 650 | 2 | 4 |
_aIndustria cultural _961638 |
| 700 | 1 |
_aBell, Daniel, _d1919-2011 _961639 |
|
| 700 | 1 |
_aGuasta, Eugenio _etrad. _949302 |
|
| 830 | 0 |
_aColección Letra viva _961640 |
|
| 999 |
_c35200 _d35200 |
||